Normal view
MARC view
- Cities and towns
Entry Topical Term
001 - CONTROL NUMBER
- control field: 81103
003 - CONTROL NUMBER IDENTIFIER
- control field: NUST
005 - DATE AND TIME OF LATEST TRANSACTION
- control field: 20210727113242.0
008 - FIXED-LENGTH DATA ELEMENTS
- fixed length control field: 210727|| aca||aabn | a|a d
040 ## - CATALOGING SOURCE
- Original cataloging agency: NUST
- Transcribing agency: NUST
150 ## - HEADING--TOPICAL TERM
- Topical term or geographic name entry element: Cities and towns
- Form subdivision: Pictorial works
670 ## - SOURCE DATA FOUND
- Source citation: Work cat.: (NUST)0: Laforet, Vincent, photographer. 81101, AIR /
